Les surnoms du Sport Club Corinthians Paulista - Statistiques

Statistiques générales
  • Ce quiz a été pris 6 fois
  • Le résultat moyen est 4 sur 7
Statistiques - réponses
Réponse % Correct
Coringão
100%
Timão
100%
Mosqueteiro
60%
Campeão dos Campeões
40%
Le blanc et noir du parc São Jorge
40%
L'équipe du peuple
40%
Le tout-puissant
40%
Aucun quiz correspondant
Distribution des résultats
% des personnes avec chaque résultat
Percentile par nombre de réponses
Votre historique - résultats
Vous n’avez pas pris ce quiz